[Event "Magdeburg op-B"]
[Site "Magdeburg"]
[Date "2014.06.08"]
[Round "2"]
[White "Matuschak, Henry"]
[Black "Franz, Theodor Franz"]
[Result "0-1"]
[WhiteElo "1153"]
[BlackElo "1048"]
[PlyCount "114"]
[EventDate "2014.06.08"]
[EventType "swiss"]
[EventRounds "9"]
[EventCountry "GER"]
[SourceTitle "CBM 160 Extra"]
[Source "ChessBase"]
[SourceDate "2014.07.01"]
[SourceVersion "1"]
[SourceVersionDate "2014.07.01"]
[SourceQuality "1"]

1. e4 d6 2. d4 Nf6 3. Nc3 g6 4. Nf3 c6 5. Bg5 Bg7 6. h3 b5 7. a3 0-0 8. Bd3 Nbd7 9. 0-0 a6 10. Re1 e5 11. d5 c5 12. b3 h6 13. Bh4 Qc7 14. Qd2 Nh5 15. g4 Nf4 16. Kh2 Nb6 17. Bg3 Nxd3 18. cxd3 Bd7 19. b4 c4 20. d4 f6 21. dxe5 fxe5 22. Qe3 Rf7 23. Rf1 Raf8 24. Nh4 Kh7 25. Ra2 Bf6 26. Ng2 Bg7 27. f4 Nc8 28. Raf2 Re8 29. fxe5 Rxf2 30. Rxf2 Bxe5 31. Bxe5 Rxe5 32. Rf7+ Kg8 33. Qf4 Qd8 34. Rf6 Kg7 35. Nh4 Qxf6 36. Qxf6+ Kxf6 37. Nf3 Re8 38. Kg3 g5 39. h4 Kg6 40. hxg5 hxg5 41. Nd4 Rf8 42. Nf5 Rh8 43. Kg2 Kf6 44. Ne2 Ke5 45. Kf3 Rh1 46. Kf2 Ra1 47. Kf3 Rxa3+ 48. Ne3 a5 49. bxa5 Rxa5 50. Kg3 Ra8 51. Nc2 Rb8 52. Nb4 Kxe4 53. Nc3+ Kd4 54. Nca2 Nb6 55. Nc6+ Bxc6 56. dxc6 Rc8 57. Nb4 Kc5 0-1

[Event "GER-chT U10"]
[Site "Magdeburg"]
[Date "2013.12.28"]
[Round "3.4"]
[White "Grunert, Wilhelm"]
[Black "Franz, Theodor Franz"]
[Result "0-1"]
[WhiteElo "600"]
[BlackElo "889"]
[PlyCount "44"]
[EventDate "2013.12.27"]
[EventType "team-swiss"]
[EventRounds "5"]
[EventCountry "GER"]
[SourceTitle "EXT 2015"]
[Source "ChessBase"]
[SourceDate "2014.11.20"]
[SourceVersion "1"]
[SourceVersionDate "2014.11.20"]
[SourceQuality "1"]
[WhiteTeam "Muenchen Suedost"]
[BlackTeam "Berlin Schachpinguine"]
[WhiteTeamCountry "GER"]
[BlackTeamCountry "GER"]

1. d4 Nf6 2. Nc3 d5 3. Bf4 Nc6 4. Nf3 e6 5. a3 Bd6 6. Bxd6 cxd6 7. g3 e5 8. e3 Bg4 9. Bg2 e4 10. 0-0 exf3 11. Bxf3 Be6 12. e4 dxe4 13. Nxe4 0-0 14. Nxf6+ Qxf6 15. d5 Nd4 16. dxe6 Nxf3+ 17. Kg2 Ng5 18. exf7+ Rxf7 19. Qd5 Re8 20. Rae1 Re5 21. Qc4 Qf3+ 22. Kg1 Nh3# 0-1

[Event "GER-chT U10"]
[Site "Magdeburg"]
[Date "2013.12.27"]
[Round "2.4"]
[White "Franz, Theodor Franz"]
[Black "Niebur, Thorben Carl"]
[Result "1/2-1/2"]
[WhiteElo "889"]
[BlackElo "984"]
[PlyCount "88"]
[EventDate "2013.12.27"]
[EventType "team-swiss"]
[EventRounds "5"]
[EventCountry "GER"]
[SourceTitle "EXT 2015"]
[Source "ChessBase"]
[SourceDate "2014.11.20"]
[SourceVersion "1"]
[SourceVersionDate "2014.11.20"]
[SourceQuality "1"]
[WhiteTeam "Berlin Schachpinguine"]
[BlackTeam "Erfurt Empor"]
[WhiteTeamCountry "GER"]
[BlackTeamCountry "GER"]

1. e4 e6 2. d4 d5 3. Nc3 c5 4. exd5 exd5 5. Nf3 Nc6 6. Bb5 Nge7 7. 0-0 Qb6 8. Be3 Nf5 9. dxc5 Bxc5 10. Bxc5 Qxc5 11. Re1+ Be6 12. Qxd5 Qxd5 13. Nxd5 0-0 14. Bxc6 bxc6 15. Nf4 Bd7 16. Rad1 Bc8 17. Ne5 c5 18. Ned3 c4 19. Ne5 Ba6 20. Nd5 f6 21. Nd7 Rfd8 22. Nc7 Kf7 23. Nxa8 Rxa8 24. Nc5 Bb5 25. Ne4 Kg6 26. Ng3 Nxg3 27. fxg3 Rb8 28. b4 Ba4 29. a3 Bxc2 30. Rc1 Bd3 31. Kf2 a6 32. Rb1 Bxb1 33. Rxb1 a5 34. Ke3 axb4 35. axb4 Rd8 36. b5 c3 37. b6 c2 38. Rc1 Rb8 39. Rxc2 Rxb6 40. Kf4 Rb5 41. g4 Rb4+ 42. Kg3 h5 43. h3 Re4 44. Rf2 Re5 1/2-1/2